000 00612nam a2200205Ia 4500
003 GCL
008 140319s9999 xx 000 0 ara d
040 _aGCL /
_cGCL
082 0 4 _a403
_bع ع
100 1 _aعلى القاسمى
245 1 0 _aعلم اللغة و صناعة المعجم /
_cعلى القاسمى
250 _aالاولى
260 _aالرياض :
_bجامعة الرياض ،
_c1975
300 _a278 ص ؛
_c24 سم
650 0 4 _aالمعاجم
650 0 4 _aالدلالة- علم
650 0 4 _aاللغة، علم
650 0 4 _aالمعاجم الثنائية
942 _2ddc
_cBK
999 _c6937
_d6937